Hovorme o integrácii

Bibliographic Details
Main Author: Hô-CHíová, L. (Author)
Format: Article
Language:Slovak
ISSN:1336-9326
Subjects:

MARC

LEADER 00000nab a2200000 a 4500
001 vtls009308631
003 SK-MaSNL
005 20260426084904.0
008 250506c2007 xo qr|p|||||||000 b|slo
015 |a SNBRB2008/07  |2 snkbucl 
035 |a (uuid)ce84b210-3158-486a-b9cb-42442baee33a 
035 |a urn:nbn:sk:snk-abad6p 
035 |a (urnnbn)urn:nbn:sk:snk:ar-a0ae5x 
038 |a SNKBUCL 
040 |a SNKBUCL  |b slo  |c SNKBUCL  |e AACR2 
041 0 |a slo 
044 |a xo  |c SK 
080 |a 615.851:376.4  |2 1997 
080 |a 376.4  |2 1997 
100 1 |a Hô-CHíová, L.  |4 aut  |9 1474403 
245 1 0 |a Hovorme o integrácii  |c L. Hô-Chíová 
504 |a Bibliogr. odkazy 
650 0 7 |a mentálne postihnutie  |2 snkbucl  |9 71397 
650 0 7 |a integrácia  |2 snkbucl  |9 24105 
650 0 7 |a vzdelávanie  |2 snkbucl  |9 4033 
773 0 |t Zdravotníctvo a sociálna práca  |g Roč. II, č. 2 (2007), s. 49-56  |x 1336-9326 
850 |a Slovenská národná knižnica 
852 |a Slovenská národná knižnica 
954 |a odborná, vedecká literatúra pôvodná (slovenská)  |2 lita 
958 |a article14 
958 |a OND 
958 |a NB 
958 |a MI 
958 |a EUIPO 
999 |c 2947964  |d 2949894